Responses for show #1723 - Wednesday, February 12, 1992

Contestants

Chris Pietrandrea, a housewife originally from Koppel, Pennsylvania

Holly Zook, a homemaker from San Antonio, Texas

Santina Lonergan, a secondary teacher from Scranton, Pennsylvania

[next game >>]

Jeopardy! Round responses

SHIPS
THE GIRL SCOUTS
CELEBRITY BOOKS
ZOOLOGY
MEN'S FASHIONS
COMMON BONDS
    $100 26
(Alex: We have less than a minute to go.)

the Titanic

Holly
    $100 2
clover

Santina
    $100 1
Milton Berle

Holly
    $100 21
elephant

Santina
    $100 10
501

Chris
    $100 15
green things

Holly
    $200 27
the Bounty

Holly
    $200 3
Brownies

Holly
    $200 7
Sonny Bono

Chris
    $200 22
camel family

Triple Stumper
    $200 11
bandana

Holly
    $200 16
diving positions

Holly
    $300 28
(Chris: What is the Monitor?)

the Constitution

Chris
Triple Stumper
    $300 4
Girl Guides

Santina
    $300 8
Mae West

Santina
    $300 23
viper

Holly
    $300 12
cummerbund

Chris
    $300 17
money slang terms

Chris
    $400 29
the Clermont

Santina
    $400 5
(Chris: What is green?)

blue

SantinaChris
    $400 9
passport photo

Holly
    $400 24
Galapagos Islands

Chris
    $400 13
fob

Santina
    $400 18
diet programs

Holly
    $500 30
HMS Victory

Triple Stumper
    $500 6
Edith Wilson

Santina
    $500 20
Carol Burnett

Triple Stumper
    $500 25
sturgeon

Triple Stumper
    $500 14
Ralph Lauren

Holly
    $500 19
things that go around in circles

Santina

Scores at the first commercial break (after clue 14):

Santina Holly Chris
$2,000 $1,400 $200

Scores at the end of the Jeopardy! Round:

Santina Holly Chris
$3,000 $2,700 $600

Double Jeopardy! Round responses

PRESIDENTIAL CITIES
SCIENTISTS
ART
ISRAEL
THE 1930s
OPERA
    $200 9
John Quincy Adams

Holly
    $200 1
Edmond Halley

Holly
    $200 2
(Chris: Who was Rembrandt?)

Vincent van Gogh

HollyChris
    $200 21
the Wailing Wall

Chris
    $200 16
Thanksgiving

Chris
    $400 12
Madison

Santina
    $400 7
hydrogen

Holly
    $400 3
van Dyck

Holly
    $400 22
menorah

Chris
    $400 17
the Dionne family

Santina
    $600 13
(Holly: What is Springfield?)

Jefferson City

Holly
Triple Stumper
    $600 8
Alfred Nobel

Chris
    $1,500 4
Venice

Holly
    $600 23
the Knesset

Chris
    $600 18
Thomas Edison

Santina
    $600 28
[end-of-round signal sounds]

La Scala

Chris
    $800 14
Tyler

Triple Stumper
    $800 10
Sir Isaac Newton

Triple Stumper
    $800 5
Leonardo da Vinci

Triple Stumper
    $800 24
(Alex: We have one minute to go.)

shekel

Triple Stumper
    $800 19
(Holly: What are letters?)

blood types

SantinaHolly
    $800 27
the Golden West

Triple Stumper
    $1000 15
(Santina: What is Monroe...Monrovia?)

Monrovia

Santina
    $1,000 11
(Holly: Who is Lowell, no?)
(Alex: Yes, but don't say no because we don't want to credit you with an incorrect response.)

Percival (Percy) Lowell

Holly
    $1000 6
Raphael

Triple Stumper
    $1000 25
(Santina: What are English, Hebrew & Yiddish?)

English, Hebrew & Arabic

Santina
Triple Stumper
    $1000 20
nylon

Triple Stumper
    $1000 26
(Holly: Who was Grieg?)

Jean Sibelius

Holly
Triple Stumper

Scores at the end of the Double Jeopardy! Round:

Santina Holly Chris
$5,200 $4,200 $3,000

[wagering suggestions for these scores]

Final Jeopardy! Round responses

MOVIE MUSICALS
ChrisWhat is Annie Get Your Gun
$2,999
HollyWhat is Paint Your Wagon?
$4,200
SantinaWhat is "Annie Get Your Gun"
$3,201
Annie Get Your Gun

Final scores:

Santina Holly Chris
$8,401 $0 $5,999
New champion: $8,401 3rd place: Set of 3 Day Blinds 2nd place: Serigraph from Marco Fine Arts Galleries & Bruce Hardwood Flooring

Game dynamics:

Coryat scores:

Santina Holly Chris
$5,200 $3,300 $3,000
14 R
(including 1 DD),
1 W
18 R
(including 2 DDs),
3 W
11 R,
3 W

Combined Coryat: $11,500

The J! Archive is created by fans, for fans. The Jeopardy! game show and all elements thereof, including but not limited to copyright and trademark thereto, are the property of Jeopardy Productions, Inc. and are protected under law. This website is not affiliated with, sponsored by, or operated by Jeopardy Productions, Inc. Join the discussion at JBoard.tv.